Click the Counties of England on a Borderless Map - Sudden Death - Statistics

General Stats
  • This quiz has been taken 258 times
  • The average score is 24 of 47
Answers on the Map
Answers color-coded by a green-red scale on the quiz's map according to % correct below.
 
Answer Stats
Answer % Correct
Suffolk
73%
Cumbria
67%
Devon
63%
Dorset
63%
Isle of Wight
63%
Norfolk
63%
Essex
60%
Greater London
60%
Hampshire
60%
Lancashire
60%
Cornwall
57%
East Riding of
Yorkshire
57%
East Sussex
57%
Lincolnshire
57%
Northumberland
57%
Surrey
57%
Berkshire
53%
Cheshire
53%
Kent
53%
North Yorkshire
53%
West Sussex
53%
Hertfordshire
50%
Merseyside
50%
Shropshire
50%
Somerset
50%
West Yorkshire
50%
Durham
47%
Gloucestershire
47%
Herefordshire
47%
Wiltshire
47%
Buckinghamshire
43%
Cambridgeshire
43%
City of Bristol
43%
Greater Manchester
43%
Northamptonshire
43%
South Yorkshire
43%
Worcestershire
43%
Derbyshire
40%
Leicestershire
40%
Nottinghamshire
40%
Oxfordshire
40%
Rutland
40%
Staffordshire
40%
Tyne and Wear
40%
Warwickshire
40%
West Midlands
40%
Bedfordshire
37%
No matching quizzes found
Score Distribution
Percent of People with Each Score
Percentile by Number Answered
Your Score History
You have not taken this quiz